Pays enclavés - Statistiques

Statistiques générales
  • Ce quiz a été pris 142 415 fois
  • Le résultat moyen est 30 sur 45
Statistiques - réponses
Superficie Pays % Correct
1 564 100 Mongolie
86%
41 284 Suisse
85%
0,44 Vatican
81%
83 871 Autriche
80%
2 724 900 Kazakhstan
79%
468 Andorre
78%
406 752 Paraguay
77%
1 098 581 Bolivie
75%
93 028 Hongrie
75%
1 284 000 Tchad
75%
160 Liechtenstein
74%
78 867 République Tchèque
74%
49 035 Slovaquie
74%
2 586 Luxembourg
73%
1 240 192 Mali
73%
147 181 Népal
73%
1 267 000 Niger
73%
30 355 Lesotho
72%
447 400 Ouzbékistan
72%
61 Saint-Marin
70%
622 984 République Centrafricaine
67%
143 100 Tadjikistan
67%
488 100 Turkménistan
67%
88 361 Serbie
65%
619 745 Soudan du Sud
65%
647 500 Afghanistan
64%
26 338 Rwanda
64%
207 600 Biélorussie
63%
38 394 Bhoutan
62%
10 908 Kosovo
62%
17 364 Eswatini
61%
199 951 Kirghizistan
61%
25 713 Macédoine du Nord
58%
752 612 Zambie
57%
27 834 Burundi
56%
390 757 Zimbabwe
56%
582 000 Botswana
55%
274 222 Burkina Faso
55%
33 846 Moldavie
55%
241 038 Ouganda
54%
29 743 Arménie
53%
236 800 Laos
52%
1 104 300 Éthiopie
50%
118 484 Malawi
50%
86 600 Azerbaïdjan
46%
Aucun quiz correspondant
Distribution des résultats
% des personnes avec chaque résultat
Percentile par nombre de réponses
Votre historique - résultats
Vous n’avez pas pris ce quiz